01733cam a2200373 i 450000100090000000300060000900500170001500700150003200800410004701000170008802000240010502000250012902000260015402000230018004000280020304200080023105000150023908200190025410000340027324501450030725000190045226400430047130000230051433600260053733700260056333800360058950400510062550503570067658800820103365000490111565000220116470000400118677601330122618556127GBCCL20241126110707.0cr_|||||||||||150407s2015 ilu ob 001 0 eng  a 2015013812 a9781433550751 (pdf) a9781433550768 (mobi) a9781433550775 ( epub) z9781433550744 (tp) aDLCbengcDLCerdadDLC apcc00aBJ1278.C6600a241.1223bNAS1 aNaselli, Andrew David,d1980-10aConscience :bwhat it is, how to train it, and loving those who differ /cAndrew David Naselli and J. D. Crowley ; foreword by D. A. Carson. aIndian edition 1aWheaton, Illinois :bCrossway,c[2020] a1 online resource. atextbtxt2rdacontent acomputerbc2rdamedia aonline resourcebcr2rdacarrier aIncludes bibliographical references and index.0 aWhat is conscience? -- How do we define conscience from the Bible? -- What should you do when your conscience condemns you? -- How should you calibrate your conscience? -- How should you relate to fellow Christians when your consciences disagree? -- How should you relate to people in other cultures when your consciences disagree? -- A closing prayer. aDescription based on print version record and CIP data provided by publisher. 0aConsciencexReligious aspectsxChristianity. 0aChristian ethics.1 aCrowley, J. D. (James Dale),d1967-08iPrint version:aNaselli, Andrew David, 1980-tConsciencedWheaton, Illinois : Crossway, [2015]z9781433550744w(DLC) 2015013003